00752nam a2200229 i 450000100060000000300090000600500170001500700030003200800410003502000180007610000290009424500820012326000340020530000370023949000110027665000310028765000240031883000190034285200220036199900170038395201220040055477ES-MaACL20230906163144.0t|030922s1983 fr |||| | fre d a2-7186-0243-01 aDerrida, Jacques.94379710aD'un ton apocalyptique adopté naguère en philosophie / cJacques Derrida. aParis : bGalilée, c[1983] a98 p., 4 h. de lám. ; c19 cm.1 aDebats04aFilosofía-yS.XX.91282604aMesianismo.91649480 aDebats9179595 aES-MaACLjL-11354 c55477d55477 00104070aATENEOMbATENEOMcDEPO2d2008-01-17eSCl0oL-11354p1058285r2023-02-23 00:00:00w2023-02-23yMONOGRAFIA